<?xml version="1.0" encoding="UTF-8"?>
<record
    xmlns:xsi="http://www.w3.org/2001/XMLSchema-instance"
    xsi:schemaLocation="http://www.loc.gov/MARC21/slim http://www.loc.gov/standards/marcxml/schema/MARC21slim.xsd"
    xmlns="http://www.loc.gov/MARC21/slim">

  <leader>00896nab a2200253 uc4500</leader>
  <controlfield tag="001">826590</controlfield>
  <controlfield tag="005">20240707085253.0</controlfield>
  <controlfield tag="008">030616s2003                        spa  </controlfield>
  <datafield tag="035" ind1=" " ind2=" ">
    <subfield code="a">826590</subfield>
  </datafield>
  <datafield tag="035" ind1=" " ind2=" ">
    <subfield code="a">(OCoLC)820030671</subfield>
  </datafield>
  <datafield tag="040" ind1=" " ind2=" ">
    <subfield code="c">comduadb</subfield>
  </datafield>
  <datafield tag="041" ind1=" " ind2=" ">
    <subfield code="a">spa</subfield>
  </datafield>
  <datafield tag="100" ind1="1" ind2="0">
    <subfield code="a">Kalid, Amal</subfield>
    <subfield code="4">aut</subfield>
    <subfield code="e">aut</subfield>
    <subfield code="9">381537</subfield>
  </datafield>
  <datafield tag="245" ind1="1" ind2="0">
    <subfield code="a">Lideres empresariales de calidad</subfield>
  </datafield>
  <datafield tag="650" ind1=" " ind2=" ">
    <subfield code="a">Lideres empresariales</subfield>
    <subfield code="9">112518</subfield>
  </datafield>
  <datafield tag="650" ind1=" " ind2=" ">
    <subfield code="a">Calidad</subfield>
    <subfield code="9">19592</subfield>
  </datafield>
  <datafield tag="650" ind1=" " ind2=" ">
    <subfield code="a">Empresas colombianas</subfield>
    <subfield code="9">10065</subfield>
  </datafield>
  <datafield tag="650" ind1=" " ind2=" ">
    <subfield code="a">ICONTEC (Instituto Colombiano de Normas T&#xE9;cnicas) - Normas</subfield>
    <subfield code="9">33138</subfield>
  </datafield>
  <datafield tag="650" ind1=" " ind2="7">
    <subfield code="a">Exportaciones</subfield>
    <subfield code="z">Colombia</subfield>
    <subfield code="2">lemb</subfield>
    <subfield code="9">7720</subfield>
  </datafield>
  <datafield tag="650" ind1=" " ind2="7">
    <subfield code="a">Peque&#xF1;a y mediana empresa</subfield>
    <subfield code="2">armarc</subfield>
    <subfield code="9">114964</subfield>
  </datafield>
  <datafield tag="650" ind1=" " ind2=" ">
    <subfield code="a">Norma T&#xE9;cnica Colombiana NTC ISO 9000</subfield>
    <subfield code="9">61518</subfield>
  </datafield>
  <datafield tag="773" ind1="0" ind2=" ">
    <subfield code="t">Normas y Calidad : Revista del ICONTEC (Bogot&#xE1;)</subfield>
    <subfield code="g">Volumen 18, N&#xFA;mero 56, Enero-Marzo 2003, p. 23-27</subfield>
    <subfield code="w">114222</subfield>
    <subfield code="x">0120-6699</subfield>
    <subfield code="0">93562</subfield>
  </datafield>
  <datafield tag="942" ind1=" " ind2=" ">
    <subfield code="c">ARIMP</subfield>
  </datafield>
  <datafield tag="999" ind1=" " ind2=" ">
    <subfield code="c">286774</subfield>
    <subfield code="d">286774</subfield>
  </datafield>
</record>
